| 000 | 00857nas a2200289 4500 | ||
|---|---|---|---|
| 001 | BR9207020 | ||
| 003 | BR-BrBNA | ||
| 005 | 20231205100446.0 | ||
| 007 | ta | ||
| 008 | 230509b bl.|||p| |||| 00| 00por d | ||
| 040 |
_aBR-BrBNA _bpor _cBiblioteca Nacional de Agricultura |
||
| 041 | _a(Pt) | ||
| 072 | _aF04 | ||
| 100 | 1 | _aMalavolta, E. | |
| 100 | 1 | _aMalavolta, M.L. | |
| 100 | 1 | _aCabral, C.P. | |
| 100 | 1 | _aAntoniolli, F. | |
| 245 | 1 | _aSobre a composicao mineral do aguape (Eichornia crassipes) | |
| 650 | _aBaroneza | ||
| 650 | _aMacroelemento | ||
| 650 | _aMicroelemento | ||
| 650 | _aAdubo Verde | ||
| 650 | _aFertilizante | ||
| 773 | 0 |
_tAnais da Escola Superior de Agricultura Luiz de Queiroz (Brazil) _xISSN 0071-1276 _g(1989), v. 46(pt. 1) p. 155-162 _wBR9207020 |
|
| 909 |
_a202311 _bLúcia _c55 _dLúcia Elande |
||
| 942 |
_2AGRIS _n0 _cANA |
||
| 999 |
_c156145 _d156145 |
||